| 000 | 00000nam##2200000za#4500 |
| 001 | 9.693200 |
| 003 | CaOODSP |
| 005 | 20220901140051 |
| 007 | cr ||||||||||| |
| 008 | 150407|2010||||xxc|||||o f|0| 0 eng|d |
| 020 | |a978-1-100-15118-2 |
| 040 | |aCaOODSP|beng |
| 043 | |an-cn--- |
| 086 | 1 |aJ2-358/2010E-PDF |
| 110 | 1 |aCanada.|bJustice Canada. |
| 245 | 10|aLocation of Aboriginal justice strategy and Aboriginal courtwork programs in Canada |h[electronic resource] |
| 260 | |aOttawa - Ontario : |bJustice Canada |c[2010?]. |
| 300 | |a1p.|bcoloured map |
| 590 | |a12-24-Supp|b2012-05-30 |
| 690 | 07|aIndigenous affairs|2gcpds |
| 690 | 07|aJustice system|2gcpds |
| 775 | 08|tEmplacement au Canada des programmes de la Stratégie de la justice applicable aux Autochtones et des Programmes d'assistance parajudiciaire aux Autochtones |w(CaOODSP)9.637402 |
| 776 | 0#|tLocation of Aboriginal Justice Strategy and Aboriginal Courtwork programs in Canada |w(CaOODSP)9.672089 |
| 776 | 0#|tEmplacement au Canada des programmes de la Stratégie de la justice applicable aux Autochtones et des Programmes d'assistance parajudiciaire aux Autochtones |w(CaOODSP)9.672090 |
| 856 | 40|ahttp://publications.gc.ca|qPDF|s2526 KB|uhttps://publications.gc.ca/collections/collection_2012/jus/J2-358-2010-eng.pdf |